| 000 | 00508nam a2200145Ia 4500 | ||
|---|---|---|---|
| 008 | 230411s9999 xx 000 0 und d | ||
| 020 | _a0-8036-0913-2 | ||
| 041 | _aeng | ||
| 082 | _aMS/610.73677/COX/HIN/B05572 | ||
| 100 |
_aLubno M Tilley D Cox Helen & Hinz Mittie _9178610 |
||
| 245 | _aClinical Applications Of Nursing Diagnosis : Adult child womens psychiatric gerontic and home health considerations | ||
| 260 |
_bF A Davis Company _aPhiladelphia _c2002 |
||
| 300 | _a752p | ||
| 999 |
_c156093 _d156093 |
||